مكتبة جامعة عجلون الوطنية

فهرس بحث المكتبة

Normal view MARC view
  • الرياضيات - تعليم وتعليم - المرحلة المتوسطة - العراق

Entry Topical Term

Number of records used in: 1

001 - CONTROL NUMBER

  • control field: 57644

003 - CONTROL NUMBER IDENTIFIER

  • control field: JO-AjAnu

005 - DATE AND TIME OF LATEST TRANSACTION

  • control field: 20230606083434.0

008 - FIXED-LENGTH DATA ELEMENTS

  • fixed length control field: 230606|| aca||aabn | a|a d

040 ## - CATALOGING SOURCE

  • Original cataloging agency: JO-AjAnu
  • Transcribing agency: JO-AjAnu

150 ## - HEADING--TOPICAL TERM

  • Topical term or geographic name entry element: الرياضيات - تعليم وتعليم - المرحلة المتوسطة - العراق

670 ## - SOURCE DATA FOUND

  • Source citation: Work cat.: (JO-AjAnu)29412: اعداد طلال، هادي؛ اشراف احمد حسن القضاة, author 57643, تحليل وحدات الهندسة الواردة في كتب الرياضيات المدرسية في المرحلة المتوسطة في العراق في ضوء معايير المجلس الوطني لمعلمي الرياضيات في الولايات المتحدة الامريكية =Content analysis of the geometry units in mathematics text for upper intermediate stage in irag in the light of the standards of the in national council of teachers mathematics in USA (NCTM,2000 (NCTM,2000)